000 01981nam1a2200397 i 4500
001 RU\NLR\bibl\2064136
005 20260405192111.0
035 _a(NLR Aleph) 002050735
090 _a4640141
_c4640141
100 _a20130819g20139999u y0rusy50 ca
101 0 _arus
102 _aRU
105 _a||||g |||||
200 1 _aЗнаменитые люди Черноморского флота
_e[1783-2013
_eбиографический справочник]
_fВ.П. Комоедов, В.М. Йщлтуховский
210 _aСанкт-Петербург
_c[б. и.]
_d2013
215 _d29
225 1 _aСерия "Личности Военно-Морского флота"
300 _aНа 4-й с. обл. авт.: Комоедов В.П. - флотоводец, адмирал, Йолтуховский В.М. - флот. историк, литератор
463 0 _10012059992
601 0 2 _aЧерноморский флот
_cРСФСР
_jБиографические словари
_92580093
_3RU\NLR\auth\661525312
601 0 2 _aЧерноморский флот
_jБиографические словари
_91568114
_3RU\NLR\auth\66686788
601 0 2 _aЧерноморский флот России
_jБиографические словари
_92377336
_3RU\NLR\auth\661418610
601 0 2 _aЧерноморский флот
_cдо 1917 г.
_jБиографические словари
_92580092
_3RU\NLR\auth\661525311
686 _aЦ66,6(2)0-13
686 _aЦ66,8(2)0-13
686 _aЦ66,6(2)0-243д
686 _aЦ66,8(2)0-243д
700 1 _aКомоедов
_bВ. П.
_f1950-
_gВладимир Петрович
_4070
701 1 _4070
_8rus
_7ca
_aЙолтуховский
_bВ. М.
_f1947-
_gВиктор Михайлович
_3RU\NLR\auth\7784039
_966967
801 0 _aRU
_bNLR
_c20130819
_gRCR
801 1 _aRU
_bNLR
_c20130819
830 _aавт. по кн.
852 _aNLR
_bС
_j2013-5/46
942 _cBOOK
980 _aNBR